UBT Library

The Nurse and Orthopedic Surgery (Record no. 51140)

000 -LEADER
fixed length control field 00275nam a22001217a 4500
008 - FIXED-LENGTH DATA ELEMENTS--GENERAL INFORMATION
fixed length control field 181030b xxu||||| |||| 00| 0 eng d
041 ## - LANGUAGE CODE
Language code of text/sound track or separate title eng
080 ## - UNIVERSAL DECIMAL CLASSIFICATION NUMBER
Universal Decimal Classification number 610.73
100 ## - Rafti
Rafti 2
101 ## - Shkurtesa
Shkurtesa INF
245 ## - TITLE STATEMENT
Title The Nurse and Orthopedic Surgery
Statement of responsibility, etc Brantley.P
942 ## - ADDED ENTRY ELEMENTS (KOHA)
Source of classification or shelving scheme
Item type Books
Holdings
Withdrawn status Lost status Source of classification or shelving scheme Damaged status Not for loan Collection code Permanent location Current location Shelving location Date acquired Total Checkouts Full call number Barcode Date last seen Price effective from Koha item type
          Koleksioni i përgjithshem UBT - Lipjan UBT - Lipjan Koleksioni i përgjithshem 10/30/2018   610.73 BRA 002-3016371 10/30/2018 10/30/2018 Books
UBT Library © 2015-2024. All rights reserved University Education for Business and Technology